Perdiendo tiempo, ganando espacio. Replanteando la adolescencia desde lo cotidiano /
Guardado en:
| Autor principal: | |
|---|---|
| Otros Autores: | |
| Formato: | Texto |
| Materias: | |
| Etiquetas: |
Agregar Etiqueta
Sin Etiquetas, Sea el primero en etiquetar este registro!
|
MARC
| LEADER | 00000 a a2200000 04500 | ||
|---|---|---|---|
| 001 | 8960 | ||
| 003 | |||
| 040 | |||
| 100 | |a Herrero, Laura | ||
| 245 | |a Perdiendo tiempo, ganando espacio. Replanteando la adolescencia desde lo cotidiano / |c Laura Herrero ; Ramiro Navarro Kuri | ||
| 650 | |a JUVENTUD | ||
| 650 | |a ADOLESCENTES | ||
| 700 | |a Navarro Kuri, Ramiro | ||
| 773 | |g volumen 1, número 4; páginas 72-81 | ||
| 999 | |c 34638 |d 34638 | ||
